header

Quantum communication, computing and measurement 2 (Record no. 170405)

MARC details
000 -LEADER
fixed length control field 01698nam a2200361 a 4500
082 04 - DEWEY DECIMAL CLASSIFICATION NUMBER
Classification number 621.382/7
245 10 - TITLE STATEMENT
Title Quantum communication, computing and measurement 2
260 ## - PUBLICATION, DISTRIBUTION, ETC. (IMPRINT)
Place of publication New York :
Name of publisher Kluwer Academic,
Year of publication c2002.
300 ## - PHYSICAL DESCRIPTION
Number of Pages xviii, 534 p. :
Other physical details ill.
500 ## - GENERAL NOTE
General note Proceedings of the Fourth International Conference on Quantum Communication, Measurement,and Computing, held August 22-27, 1998, in Northwestern University, Evanston, Illinois.
650 #0 - SUBJECT ADDED ENTRY--TOPICAL TERM
Topical Term Optical communications
Topical Term Quantum optics
Topical Term Quantum electronics
Topical Term Quantum computers
700 1# - ADDED ENTRY--PERSONAL NAME
Personal name Kumar, Prem.
Personal name D'Ariano, G. M.
Personal name Hirota, O.
856 40 - ELECTRONIC LOCATION AND ACCESS
Uniform Resource Identifier http://site.ebrary.com/lib/rucke/Doc?id=10051607

No items available.

© 2026 Rongo University
Contact us: librarian | system librarian | Rongo university